[Event "10th Asia-ch (women)"]
[Site "Kozhikode IND"]
[Date "2003.08.23"]
[Round "7.7"]
[White "Gu Xiaobing"]
[Black "Shahnaz, Safira"]
[Result "1/2-1/2"]
[WhiteElo "2346"]
[BlackElo "2120"]
[EventDate "2003.08.17"]
[PlyCount "47"]

1.e4 c5 2.Nc3 e6 3.Nf3 Nc6 4.d4 cxd4 5.Nxd4 a6 6.Nxc6 bxc6 7.Bd3 d5 8.exd5
cxd5 9.O-O Nf6 10.Qf3 Be7 11.Qg3 O-O 12.Bh6 Ne8 13.Rfe1 Bh4 14.Qf4 gxh6 
15.Qxh6 f5 16.Re3 Qf6 17.Qf4 Kh8 18.Rh3 Bg5 19.Qa4 Bb7 20.Re1 e5 21.Qb3 
Nd6 22.Nxd5 Bxd5 23.Qxd5 e4 24.Bf1 1/2-1/2

[Event "10th Asia-ch (women)"]
[Site "Kozhikode IND"]
[Date "2003.08.23"]
[Round "7.8"]
[White "Huang Qian"]
[Black "Ramaswamy, Aarthie"]
[Result "1/2-1/2"]
[WhiteElo "2313"]
[BlackElo "2316"]
[EventDate "2003.08.17"]
[PlyCount "159"]

1.d4 Nf6 2.Nf3 e6 3.Bf4 c5 4.e3 d5 5.c3 Nc6 6.Nbd2 Bd6 7.Bg3 Bxg3 8.hxg3 
Qd6 9.Bd3 e5 10.dxe5 Nxe5 11.Nxe5 Qxe5 12.Bb5+ Bd7 13.Bxd7+ Nxd7 14.Nf3 
Qf5 15.g4 Qxg4 16.Qxd5 O-O 17.Kf1 b6 18.Rh4 Nf6 19.Qd3 Qd7 20.Qxd7 Nxd7 
21.Ke2 Rfd8 22.g4 Nf8 23.g5 Rd6 24.a4 Rad8 25.Re4 Ne6 26.Rh4 Nf8 27.Rah1 
Rd5 28.Rg4 Ne6 29.Ra1 Nf8 30.Rag1 Ne6 31.Re4 Kf8 32.Re5 R5d6 33.Rh1 Kg8 
34.Ra1 a6 35.Rb1 Kf8 36.Rc1 Kg8 37.Rc2 Rd5 38.Rd2 R5d7 39.Rxd7 Rxd7 40.Nd2
g6 41.Ne4 Kg7 42.f4 h5 43.gxh6+ Kxh6 44.c4 Kg7 45.Rd5 Rb7 46.b3 Kf8 47.a5 
bxa5 48.Nxc5 Nxc5 49.Rxc5 Rxb3 50.Rxa5 Rb6 51.c5 Rc6 52.Kd3 Ke7 53.Kd4 Ke6
54.e4 Kd7 55.e5 Ke6 56.Ra4 Kd7 57.Kd5 Kc7 58.Ra1 Re6 59.Ra2 Rc6 60.Rh2 Re6
61.Ra2 Rc6 62.Ra3 Re6 63.Rf3 Re7 64.f5 gxf5 65.Rxf5 Rd7+ 66.Kc4 Re7 67.Rh5
Kc6 68.Rg5 Kc7 69.Rf5 Kc6 70.Rf6+ Re6 71.Rf5 Re7 72.Rf6+ Re6 73.Rxf7 Rxe5 
74.Rf6+ Kc7 75.Rf7+ Kc6 76.Rf6+ Kc7 77.Rxa6 Re1 78.Ra7+ Kc6 79.Ra6+ Kc7 
80.Kb5 1/2-1/2

[Event "10th Asia-ch (women)"]
[Site "Kozhikode IND"]
[Date "2003.08.23"]
[Round "7.9"]
[White "Mohota, Nisha"]
[Black "Li Ruofan"]
[Result "0-1"]
[WhiteElo "2321"]
[BlackElo "2433"]
[EventDate "2003.08.17"]
[PlyCount "102"]

1.d4 Nf6 2.c4 e6 3.Nc3 Bb4 4.e3 O-O 5.Bd3 d5 6.a3 dxc4 7.Bxc4 Bd6 8.Nf3 
Nc6 9.O-O a6 10.h3 h6 11.Qc2 e5 12.Bd2 Re8 13.dxe5 Nxe5 14.Nxe5 Bxe5 15.
Rad1 b5 16.Bc1 Bd7 17.Ba2 Qe7 18.Nd5 Nxd5 19.Rxd5 c6 20.Rdd1 c5 21.f4 Bf6 
22.Bb1 g6 23.e4 Rad8 24.Be3 c4 25.Qf2 Bc6 26.e5 Rxd1 27.Rxd1 Bg7 28.Rd6 
Qb7 29.Qg3 Be4 30.Rb6 Qd5 31.Rd6 Qb7 32.Rb6 Qa8 33.Rxa6 Qxa6 34.Bxe4 Qa4 
35.Qf2 c3 36.Bf3 c2 37.Kh2 Qc4 38.Bc1 Rd8 39.e6 fxe6 40.Qe1 Kh7 41.Bg4 Rd6
42.h4 h5 43.Bf3 Rd4 44.Qe3 Rd3 45.Qe1 Qd4 46.Qxe6 Rxf3 47.gxf3 Qf2+ 48.Kh3
Qf1+ 49.Kh2 Qxc1 50.f5 Qf4+ 51.Kg2 Qxf5 0-1

[Event "10th Asia-ch (women)"]
[Site "Kozhikode IND"]
[Date "2003.08.23"]
[Round "7.10"]
[White "Swathi, Ghate"]
[Black "Meenakshi, Subbaraman"]
[Result "0-1"]
[WhiteElo "2299"]
[BlackElo "2319"]
[EventDate "2003.08.17"]
[PlyCount "76"]

1.e4 g6 2.d4 Bg7 3.Nc3 d6 4.Be3 Nd7 5.Qd2 a6 6.Bd3 b5 7.a4 b4 8.Nd1 c5 9.
c3 Bb7 10.Ne2 a5 11.Ng3 Qb6 12.Be2 cxd4 13.cxd4 Ngf6 14.f3 O-O 15.Nf2 Ba6 
16.O-O Rfc8 17.Bxa6 Qxa6 18.f4 b3 19.Rfc1 Nb6 20.f5 Rxc1+ 21.Rxc1 Nxa4 22.
Bh6 Rc8 23.Rf1 Rc2 24.Qg5 Bxh6 25.Qxh6 Qb6 26.Qe3 Nxb2 27.e5 Nc4 28.Qf4 
dxe5 29.dxe5 Rxf2 30.Rxf2 b2 31.exf6 b1=Q+ 32.Nf1 Qxf5 33.fxe7 Qxf4 34.
e8=Q+ Kg7 35.Qe2 a4 36.g3 Qfxf2+ 37.Qxf2 Qxf2+ 38.Kxf2 a3 0-1

[Event "10th Asia-ch (women)"]
[Site "Kozhikode IND"]
[Date "2003.08.23"]
[Round "7.11"]
[White "Shen Yang"]
[Black "Tian Tian"]
[Result "1-0"]
[WhiteElo "2113"]
[BlackElo "2300"]
[EventDate "2003.08.17"]
[PlyCount "93"]

1.e4 c6 2.d4 d5 3.Nd2 dxe4 4.Nxe4 Nd7 5.Ng5 Ngf6 6.Bd3 e6 7.Qe2 Bd6 8.N1f3
h6 9.Ne4 Nxe4 10.Qxe4 Qc7 11.O-O c5 12.Re1 Nf6 13.Qh4 Bd7 14.Ne5 cxd4 15.
Qxd4 Bxe5 16.Rxe5 Ng4 17.Bf4 Nxe5 18.Bxe5 Qb6 19.Qxb6 axb6 20.Bxg7 Rg8 21.
Bxh6 Bc6 22.g3 f5 23.Be3 b5 24.Bd4 Kf7 25.f4 Ra4 26.c3 Rd8 27.Kf2 b4 28.
Ke3 Rda8 29.cxb4 Rxa2 30.Rc1 Ra1 31.Rc5 Re1+ 32.Be2 Rd8 33.Bc3 Rb1 34.Bc4 
Be4 35.Rc7+ Kg6 36.g4 Rg8 37.Bxe6 Rf8 38.h3 fxg4 39.Kxe4 gxh3 40.Bxh3 Re8+
41.Kf3 Rd1 42.Be5 Rd3+ 43.Kg4 Rg8 44.Kh4 Rf3 45.Be6 Rf8 46.Kg4 Rf2 47.f5+ 
1-0

[Event "10th Asia-ch (women)"]
[Site "Kozhikode IND"]
[Date "2003.08.23"]
[Round "7.12"]
[White "Nguyen Thi Thanh An"]
[Black "Ruan Lufei"]
[Result "1-0"]
[WhiteElo "2335"]
[BlackElo "2307"]
[EventDate "2003.08.17"]
[PlyCount "71"]

1.d4 d5 2.c4 c6 3.Nc3 Nf6 4.e3 e6 5.Nf3 Nbd7 6.Bd3 dxc4 7.Bxc4 b5 8.Bd3 b4
9.Ne4 Nxe4 10.Bxe4 Bb7 11.Qa4 Qb6 12.O-O Be7 13.Nd2 Qc7 14.a3 a5 15.Qc2 
Nf6 16.axb4 axb4 17.Rxa8+ Bxa8 18.Bf3 O-O 19.Nb3 Nd7 20.Bd2 Bd6 21.h3 c5 
22.Bxa8 Rxa8 23.Rc1 Rc8 24.Nxc5 Nxc5 25.dxc5 Qb8 26.cxd6 Rxc2 27.Rxc2 Qd8 
28.Bxb4 h5 29.Rd2 Qd7 30.Bc5 h4 31.b4 Kh7 32.b5 g5 33.b6 g4 34.hxg4 e5 35.
b7 Qxg4 36.b8=Q 1-0

[Event "10th Asia-ch (women)"]
[Site "Kozhikode IND"]
[Date "2003.08.23"]
[Round "7.13"]
[White "Saimeera Ravi"]
[Black "Wang Pin"]
[Result "1-0"]
[WhiteElo "2172"]
[BlackElo "2465"]
[EventDate "2003.08.17"]
[PlyCount "95"]

1.e4 c5 2.Nc3 Nc6 3.g3 g6 4.Bg2 Bg7 5.d3 d6 6.f4 e6 7.Nf3 Nge7 8.O-O O-O 
9.Be3 Nd4 10.e5 Nef5 11.Bf2 Nxf3+ 12.Qxf3 Nd4 13.Qd1 Rb8 14.Ne4 dxe5 15.
fxe5 b6 16.c3 Nf5 17.Nf6+ Kh8 18.g4 Ne7 19.Qf3 Nd5 20.Bh4 Bb7 21.Qh3 Bxf6 
22.exf6 e5 23.Bg5 Nf4 24.Qh6 Rg8 25.Bxb7 Rxb7 26.Qg7+ Rxg7 27.fxg7+ Kxg7 
28.Bxd8 Rd7 29.Bh4 g5 30.Bg3 Nxd3 31.Rad1 f6 32.Rfe1 c4 33.Re4 b5 34.b3 
Rc7 35.bxc4 bxc4 36.Rb1 Kf7 37.Rb5 Ke6 38.Ra5 h5 39.h3 h4 40.Bf2 Rb7 41.
Rxc4 Rb1+ 42.Kg2 Rb2 43.Rc6+ Kf7 44.Rxa7+ Kg6 45.Rcc7 Nf4+ 46.Kf3 e4+ 47.
Kxe4 Ne6 48.Re7 1-0

[Event "10th Asia-ch (women)"]
[Site "Kozhikode IND"]
[Date "2003.08.23"]
[Round "7.14"]
[White "Prathiba, Yuvarajan"]
[Black "Gokhale, Anupama"]
[Result "1-0"]
[WhiteElo "2185"]
[BlackElo "2253"]
[EventDate "2003.08.17"]
[PlyCount "81"]

1.e4 g6 2.d4 Bg7 3.Nc3 c6 4.f4 d5 5.e5 h5 6.Bd3 Nh6 7.Nf3 Bg4 8.Be3 e6 9.
h3 Bxf3 10.Qxf3 h4 11.Bf2 Nd7 12.O-O-O Bf8 13.Kb1 Nf5 14.Ne2 Qb6 15.Bxf5 
gxf5 16.g4 hxg3 17.Nxg3 O-O-O 18.Rdg1 Kb8 19.Nh5 c5 20.Bh4 Rc8 21.Bf6 Rxh5
22.Qxh5 cxd4 23.Rg3 d3 24.Rxd3 Nc5 25.Rc3 Na4 26.Rb3 Qf2 27.Rc1 Nc5 28.Rc3
d4 29.Rxc5 Bxc5 30.Qxf7 Bb4 31.Qxe6 d3 32.c3 Qxf4 33.Qd5 Qe4 34.Qxe4 fxe4 
35.cxb4 Rg8 36.Rd1 Kc8 37.Kc1 Kd7 38.Re1 Rc8+ 39.Kd1 Rc4 40.a3 Ke6 41.b3 
1-0

[Event "10th Asia-ch (women)"]
[Site "Kozhikode IND"]
[Date "2003.08.23"]
[Round "7.15"]
[White "Kavitha, J. E."]
[Black "Chandra Hawsa, Koneru"]
[Result "1-0"]
[WhiteElo "2066"]
[BlackElo "2193"]
[EventDate "2003.08.17"]
[PlyCount "69"]

1.e4 c5 2.Nf3 a6 3.d4 cxd4 4.Nxd4 Nf6 5.Bd3 e5 6.Nb3 d5 7.exd5 Nxd5 8.O-O 
Nc6 9.a3 Be6 10.Re1 Be7 11.c4 Nf6 12.Nc3 O-O 13.Qc2 Nd4 14.Nxd4 exd4 15.
Ne4 h6 16.Qe2 Nd7 17.Qh5 Re8 18.Bd2 Rc8 19.Rac1 Bf8 20.b4 g6 21.Qf3 Bf5 
22.Bf4 Ne5 23.Bxe5 Rxe5 24.Qf4 Bg7 25.c5 Qe7 26.f3 Re8 27.Red1 Bxe4 28.
fxe4 Rh5 29.g3 Be5 30.Qf2 Rg5 31.Bc4 Kg7 32.Rd3 h5 33.Rf3 f6 34.h3 Qd7 35.
Kg2 1-0

[Event "10th Asia-ch (women)"]
[Site "Kozhikode IND"]
[Date "2003.08.23"]
[Round "7.17"]
[White "Karavade, Eesha"]
[Black "Lakshmi, Praneetha"]
[Result "1-0"]
[WhiteElo "2218"]
[BlackElo "2005"]
[EventDate "2003.08.17"]
[PlyCount "78"]

1.Nf3 Nf6 2.g3 g6 3.Bg2 Bg7 4.O-O O-O 5.c4 d6 6.d4 Nbd7 7.Nc3 e5 8.e4 c6 
9.b3 Re8 10.Bb2 Qc7 11.Re1 exd4 12.Nxd4 Nc5 13.Qd2 a5 14.Rab1 Bd7 15.a3 
Rad8 16.b4 Ne6 17.Nc2 Bc8 18.h4 Ng4 19.Qd1 h5 20.Na2 Qb6 21.Rf1 Bxb2 22.
Rxb2 Ne5 23.Ne3 Nd4 24.Rd2 c5 25.Nd5 Qa7 26.Nf6+ Kf8 27.Nxe8 Bg4 28.f3 
Nexf3+ 29.Bxf3 Nxf3+ 30.Rxf3 cxb4+ 31.Kg2 Rxe8 32.Qf1 Bxf3+ 33.Qxf3 Qc5 
34.Rf2 Qxc4 35.axb4 axb4 36.Nxb4 Rxe4 37.Nd3 Re7 38.Nf4 Ke8 39.Nd5 b6 1-0

[Event "10th Asia-ch (women)"]
[Site "Kozhikode IND"]
[Date "2003.08.23"]
[Round "7.18"]
[White "Parveen, Seyda Shabana"]
[Black "Sangeetha, M. R."]
[Result "0-1"]
[WhiteElo "2140"]
[BlackElo "2100"]
[EventDate "2003.08.17"]
[PlyCount "78"]

1.d4 Nf6 2.Nf3 e6 3.g3 b6 4.Bg2 Bb7 5.O-O Be7 6.Bg5 O-O 7.Nbd2 d5 8.Bxf6 
Bxf6 9.Re1 c5 10.c3 Nc6 11.dxc5 bxc5 12.e4 Qb6 13.Qc2 Rfd8 14.e5 Be7 15.a3
c4 16.b4 cxb3 17.Qxb3 Qc7 18.Rac1 Na5 19.Qa2 Ba6 20.Nd4 Rab8 21.Bf1 Bxf1 
22.Kxf1 Qc5 23.f4 Rb6 24.Kg2 Rdb8 25.Rc2 g6 26.h4 Qc7 27.h5 Qb7 28.hxg6 
hxg6 29.Kh3 Rb2 30.Qa1 Kg7 31.Rec1 Rxc2 32.Rxc2 Nc4 33.Nxc4 dxc4 34.Kg4 
Bc5 35.Qf1 Rh8 36.Nf3 Qe4 37.Nd4 Bxd4 38.Rb2 Bxc3 39.Re2 Qf5+ 0-1

[Event "10th Asia-ch (women)"]
[Site "Kozhikode IND"]
[Date "2003.08.23"]
[Round "7.19"]
[White "Malinicheva, Lidia"]
[Black "Mohota, Swathi"]
[Result "0-1"]
[WhiteElo "2126"]
[BlackElo "2104"]
[EventDate "2003.08.17"]
[PlyCount "86"]

1.d4 d5 2.Nf3 Nf6 3.Bg5 Ne4 4.Bf4 c5 5.e3 Nc6 6.c3 e6 7.h3 Bd6 8.Bxd6 Qxd6
9.Bd3 f5 10.Bb5 O-O 11.O-O f4 12.Qe2 fxe3 13.Qxe3 Qf4 14.Nbd2 cxd4 15.cxd4
Nxd2 16.Qxd2 Qxd2 17.Nxd2 Nxd4 18.Bd3 Bd7 19.Rfe1 Rac8 20.Re5 g6 21.h4 Kf7
22.h5 Kf6 23.Rae1 Nc2 24.Bxc2 Rxc2 25.Nb3 Kg7 26.f3 Rc4 27.hxg6 hxg6 28.
Nc1 Rfc8 29.Nd3 Rd4 30.R5e3 Rc2 31.Kh2 Bb5 32.Ne5 Rdd2 33.Rg1 Re2 34.Ng4 
Rxb2 35.Rc3 Bc6 36.a3 e5 37.Kg3 d4 38.Rc5 Rb5 39.Rgc1 Rxc5 40.Rxc5 d3 41.
Rc3 Bb5 42.Rc7+ Kf8 43.Nf2 Rxf2 0-1

[Event "10th Asia-ch (women)"]
[Site "Kozhikode IND"]
[Date "2003.08.24"]
[Round "8.1"]
[White "Hoang Thanh Trang"]
[Black "Humpy, Koneru"]
[Result "1/2-1/2"]
[WhiteElo "2458"]
[BlackElo "2468"]
[EventDate "2003.08.17"]
[PlyCount "70"]

1.d4 Nf6 2.c4 e6 3.Nc3 Bb4 4.Qc2 d5 5.cxd5 exd5 6.Bg5 c5 7.dxc5 h6 8.Bd2 
Bxc5 9.Nf3 Nc6 10.e3 O-O 11.Be2 Bg4 12.O-O Rc8 13.Rfd1 Qe7 14.Be1 Rfd8 15.
Rac1 Bb6 16.Qa4 Bxf3 17.Bxf3 d4 18.exd4 Nxd4 19.Rd3 Qe5 20.Rcd1 Re8 21.Bd2
Rcd8 22.h3 Nxf3+ 23.Rxf3 Rxd2 24.Rxd2 Qe1+ 25.Kh2 Qxd2 26.Rxf6 Re1 27.Qg4 
Bc7+ 28.g3 Bd8 29.Qf4 Qc1 30.Rxf7 Rh1+ 31.Kg2 Qf1+ 32.Kf3 Qd3+ 33.Kg2 Qf1+
34.Kf3 Qd3+ 35.Kg2 Qf1+ 1/2-1/2

[Event "10th Asia-ch (women)"]
[Site "Kozhikode IND"]
[Date "2003.08.24"]
[Round "8.2"]
[White "Harika, Dronavalli"]
[Black "Le Kieu Thien Kim"]
[Result "1/2-1/2"]
[WhiteElo "2351"]
[BlackElo "2316"]
[EventDate "2003.08.17"]
[PlyCount "42"]

1.Nf3 Nf6 2.c4 e6 3.Nc3 d5 4.d4 Be7 5.Bg5 O-O 6.e3 h6 7.Bh4 Ne4 8.Bxe7 
Qxe7 9.Rc1 c6 10.Bd3 Nxc3 11.Rxc3 Nd7 12.O-O dxc4 13.Bxc4 e5 14.Bb3 e4 15.
Nd2 Nf6 16.Qb1 Bg4 17.Rc5 Nd7 18.Rc3 Nf6 19.Rc5 Nd7 20.Rc3 Nf6 21.Rc5 Nd7 
1/2-1/2

[Event "10th Asia-ch (women)"]
[Site "Kozhikode IND"]
[Date "2003.08.24"]
[Round "8.3"]
[White "Zhang Jilin"]
[Black "Vijayalakshmi, Subbaraman"]
[Result "1/2-1/2"]
[WhiteElo "2300"]
[BlackElo "2435"]
[EventDate "2003.08.17"]
[PlyCount "114"]

1.e4 e5 2.Nf3 Nc6 3.Bb5 a6 4.Bxc6 dxc6 5.O-O f6 6.d4 Bg4 7.dxe5 Qxd1 8.
Rxd1 fxe5 9.Rd3 Bd6 10.Nbd2 Nf6 11.b3 O-O-O 12.Bb2 Rhe8 13.Rd1 Bh5 14.Nc4 
Nxe4 15.Ncxe5 Nc5 16.R3d2 Ne4 17.Rd3 Nf6 18.c4 Ng4 19.Nxg4 Bxg4 20.Kf1 g6 
21.h3 Bf5 22.R3d2 Bb4 23.Rxd8+ Rxd8 24.Rxd8+ Kxd8 25.Ke2 Bb1 26.a3 Be7 27.
Ne5 Bc2 28.b4 c5 29.Kd2 Ba4 30.Kc3 Be8 31.f4 Bd6 32.Bc1 Ke7 33.Be3 cxb4+ 
34.axb4 Ke6 35.c5 Be7 36.g4 g5 37.Nf3 gxf4 38.Bxf4 Bf6+ 39.Kb3 Kd7 40.Ne5+
Ke7 41.Kc4 Bb5+ 42.Kd5 Bf1 43.g5 Bg7 44.c6 Bg2+ 45.Kc4 b6 46.Ng4 Bxh3 47.
Nf6 Be6+ 48.Nd5+ Bxd5+ 49.Kxd5 Kd8 50.Bd2 Ke7 51.Bf4 Bc3 52.b5 axb5 53.
Bxc7 Bd2 54.Bxb6 Bxg5 55.Kc5 Bf4 56.Kxb5 Kd6 57.Bd8 h5 1/2-1/2

[Event "10th Asia-ch (women)"]
[Site "Kozhikode IND"]
[Date "2003.08.24"]
[Round "8.6"]
[White "Sergeeva, Maria"]
[Black "Wang Yu"]
[Result "0-1"]
[WhiteElo "2356"]
[BlackElo "2357"]
[EventDate "2003.08.17"]
[PlyCount "106"]

1.e4 e5 2.Nf3 Nc6 3.Bb5 a6 4.Ba4 Nf6 5.Nc3 b5 6.Bb3 Be7 7.a4 b4 8.Nd5 O-O 
9.d3 d6 10.O-O Rb8 11.c3 Bg4 12.Bc4 bxc3 13.bxc3 Na5 14.Nxe7+ Qxe7 15.Ba2 
h6 16.Ba3 c5 17.h3 Bxf3 18.Qxf3 Nb3 19.Rad1 Qd7 20.Bc1 Ne8 21.Qg3 Qxa4 22.
Bxb3 Rxb3 23.Bxh6 Rxc3 24.Bd2 Rb3 25.f4 c4 26.fxe5 Rxd3 27.Qe1 dxe5 28.Bc3
Rxd1 29.Qxd1 Qxd1 30.Rxd1 Nc7 31.Bxe5 Nb5 32.Ra1 Re8 33.Bg3 c3 34.Kf1 Rxe4
35.Rxa6 Rc4 36.Be1 c2 37.Bd2 Nd4 38.Rb6 c1=Q+ 39.Bxc1 Rxc1+ 40.Kf2 Rc2+ 
41.Ke3 Nf5+ 42.Ke4 Nh4 43.g3 Ng6 44.Rb3 Rh2 45.g4 Rf2 46.Ra3 Nf8 47.Rb3 g6
48.Ke3 Rf1 49.Ra3 Kg7 50.Ke2 Rf6 51.Ke3 Ne6 52.Ra5 Rf1 53.h4 Rf4 0-1

[Event "10th Asia-ch (women)"]
[Site "Kozhikode IND"]
[Date "2003.08.24"]
[Round "8.8"]
[White "Meenakshi, Subbaraman"]
[Black "Tania, Sachdev"]
[Result "1/2-1/2"]
[WhiteElo "2319"]
[BlackElo "2206"]
[EventDate "2003.08.17"]
[PlyCount "132"]

1.d4 Nf6 2.c4 e6 3.Nc3 Bb4 4.f3 c5 5.d5 Bxc3+ 6.bxc3 d6 7.e4 e5 8.Bd3 O-O 
9.Ne2 Qc7 10.O-O Nbd7 11.Kh1 Rb8 12.Bg5 b5 13.Qd2 bxc4 14.Bxc4 Ne8 15.Ng3 
Nb6 16.Be2 f6 17.Be3 f5 18.exf5 Bxf5 19.f4 exf4 20.Rxf4 Bg6 21.Rxf8+ Kxf8 
22.Rf1+ Kg8 23.Bg5 h6 24.Bh4 Nd7 25.Bg4 Nef6 26.Be6+ Kh7 27.Nf5 Rf8 28.Qe2
Ne5 29.Ne3 Bd3 30.Bf5+ Bxf5 31.Rxf5 Ng6 32.Bxf6 Rxf6 33.Rxf6 gxf6 34.Nf5 
Qb7 35.Qe4 Qb2 36.g3 Qxc3 37.Qe6 Ne5 38.Qe7+ Kg6 39.Nh4+ Kg5 40.Qg7+ Kh5 
41.Qxf6 Qe1+ 42.Kg2 Qe2+ 43.Qf2 Qxf2+ 44.Kxf2 Ng4+ 45.Ke2 Nf6 46.Nf5 Nxd5 
47.a3 Kg4 48.Nxh6+ Kh3 49.g4 Kxh2 50.Nf5 Kh3 51.Nxd6 Kxg4 52.Kd3 Nb6 53.
Nb7 c4+ 54.Kd4 Kf5 55.Nd6+ Ke6 56.Nb5 Nc8 57.Kxc4 Nd6+ 58.Kc5 Nxb5 59.Kxb5
Kd7 60.Ka6 Kc8 61.Kxa7 Kc7 62.a4 Kc8 63.a5 Kc7 64.a6 Kc8 65.Kb6 Kb8 66.a7+
Ka8 1/2-1/2

[Event "10th Asia-ch (women)"]
[Site "Kozhikode IND"]
[Date "2003.08.24"]
[Round "8.9"]
[White "Shahnaz, Safira"]
[Black "Huang Qian"]
[Result "0-1"]
[WhiteElo "2120"]
[BlackElo "2313"]
[EventDate "2003.08.17"]
[PlyCount "98"]

1.d4 Nf6 2.Nf3 g6 3.c4 Bg7 4.Nc3 d6 5.Bg5 h6 6.Bh4 O-O 7.e3 Nbd7 8.Qc2 Re8
9.Be2 c6 10.O-O Qc7 11.h3 e5 12.Rfd1 Nf8 13.c5 exd4 14.cxd6 Qxd6 15.Nxd4 
Qe7 16.Rd2 Ne6 17.Nxe6 Bxe6 18.Rad1 Qb4 19.Rd4 Qa5 20.Rd6 Nd5 21.Nxd5 cxd5
22.Bg4 Qb4 23.Bxe6 Qxd6 24.Bxd5 Qb6 25.Qc4 Kh7 26.Bxf7 Rac8 27.Qg4 Rf8 28.
Bg3 Qf6 29.Bb3 Qxb2 30.Kh2 Rcd8 31.Rd7 h5 32.Qe6 Rxd7 33.Qxd7 Qf6 34.h4 
Qc6 35.Qe7 Re8 36.Qf7 Rf8 37.Qe7 Re8 38.Qf7 Qe4 39.Bd5 Qe7 40.Qf3 Rf8 41.
Qd1 Be5 42.f4 Bf6 43.f5 Bxh4 44.fxg6+ Kxg6 45.Bf4 Bg5 46.Qd3+ Kh6 47.Bxg5+
Kxg5 48.Bf3 Qe5+ 49.Kg1 Qf6 0-1

[Event "10th Asia-ch (women)"]
[Site "Kozhikode IND"]
[Date "2003.08.24"]
[Round "8.10"]
[White "Shen Yang"]
[Black "Prathiba, Yuvarajan"]
[Result "1-0"]
[WhiteElo "2113"]
[BlackElo "2185"]
[EventDate "2003.08.17"]
[PlyCount "99"]

1.e4 e6 2.d4 d5 3.Nd2 Nf6 4.e5 Nfd7 5.Bd3 c5 6.c3 Nc6 7.Ne2 Qb6 8.Nf3 cxd4
9.cxd4 f6 10.exf6 Nxf6 11.O-O Bd6 12.Nc3 O-O 13.a3 Bd7 14.Re1 Rae8 15.Bg5 
Ng4 16.Bh4 Nh6 17.Bg3 Bxg3 18.hxg3 Kh8 19.Na4 Qd8 20.Nc5 Bc8 21.Rc1 Qf6 
22.Bb5 Re7 23.Bxc6 bxc6 24.Nd3 Rc7 25.Qd2 Bd7 26.Nfe5 Nf5 27.Nc5 Bc8 28.
Qf4 Qe7 29.g4 Nh4 30.Qe3 Qf6 31.Ncd3 Ba6 32.g5 Qf5 33.Nc5 Bc8 34.Qg3 Ng6 
35.Nxg6+ hxg6 36.Rc3 Rcf7 37.Nd3 e5 38.Nxe5 Qxf2+ 39.Qxf2 Rxf2 40.Nxg6+ 
Kh7 41.Nxf8+ Rxf8 42.Rxc6 Bg4 43.Re7 Rf5 44.Re5 Rf4 45.Rxd5 Bf5 46.Re5 Bd3
47.d5 Rf1+ 48.Kh2 Rf2 49.Re3 Bb5 50.Rh3+ 1-0

[Event "10th Asia-ch (women)"]
[Site "Kozhikode IND"]
[Date "2003.08.24"]
[Round "8.11"]
[White "Nguyen Thi Thanh An"]
[Black "Saimeera Ravi"]
[Result "1-0"]
[WhiteElo "2335"]
[BlackElo "2172"]
[EventDate "2003.08.17"]
[PlyCount "71"]

1.d4 Nf6 2.c4 g6 3.Nc3 Bg7 4.e4 d6 5.Be2 O-O 6.Nf3 e5 7.O-O Nc6 8.d5 Ne7 
9.b4 Nh5 10.Re1 Nf4 11.Bf1 a5 12.bxa5 c5 13.Nb5 Rxa5 14.a4 Ra6 15.Ra3 h6 
16.Bxf4 exf4 17.e5 Nf5 18.Qc1 g5 19.Bd3 dxe5 20.Nxe5 Re8 21.Nf3 Rxe1+ 22.
Qxe1 Nd6 23.Ra2 Bf5 24.Bxf5 Nxf5 25.h3 h5 26.Qe4 Qf6 27.h4 Nxh4 28.Nxh4 
gxh4 29.d6 Rc6 30.Qe8+ Kh7 31.d7 Re6 32.d8=Q Rxe8 33.Qxe8 Qg6 34.Ra3 Qf5 
35.Qe2 Be5 36.Qd3 1-0

[Event "10th Asia-ch (women)"]
[Site "Kozhikode IND"]
[Date "2003.08.24"]
[Round "8.12"]
[White "Tian Tian"]
[Black "Kavitha, J. E."]
[Result "1-0"]
[WhiteElo "2300"]
[BlackElo "2066"]
[EventDate "2003.08.17"]
[PlyCount "95"]

1.e4 c5 2.Nc3 Nc6 3.g3 g6 4.Bg2 Bg7 5.d3 d6 6.Be3 e6 7.Qd2 Nge7 8.Bh6 Bxh6
9.Qxh6 Nd4 10.Qd2 Qa5 11.Nf3 Nec6 12.O-O Bd7 13.a3 O-O-O 14.Rfb1 Nxf3+ 15.
Bxf3 Nd4 16.Bg2 Qc7 17.b4 Kb8 18.Ne2 Ba4 19.Ra2 Rc8 20.c4 Nxe2+ 21.Qxe2 
Bd7 22.Rab2 b6 23.Qd1 e5 24.b5 Kb7 25.a4 Ra8 26.a5 Rhb8 27.Ra1 Kc8 28.Rba2
Kb7 29.Qf1 Rf8 30.Bh3 Qc8 31.Bxd7 Qxd7 32.f4 f6 33.Qd1 Rfd8 34.Qa4 a6 35.
Qb3 Qe8 36.axb6 a5 37.Rxa5 Rxa5 38.Rxa5 Ra8 39.Qa4 Rxa5 40.Qxa5 Qa8 41.
Qxa8+ Kxa8 42.h4 h6 43.Kf2 g5 44.fxg5 fxg5 45.hxg5 hxg5 46.Kf3 Kb7 47.Kg4 
Kxb6 48.Kxg5 1-0

[Event "10th Asia-ch (women)"]
[Site "Kozhikode IND"]
[Date "2003.08.24"]
[Round "8.13"]
[White "Swathi, Ghate"]
[Black "Mohota, Nisha"]
[Result "0-1"]
[WhiteElo "2299"]
[BlackElo "2321"]
[EventDate "2003.08.17"]
[PlyCount "64"]

1.e4 d5 2.exd5 Qxd5 3.Nc3 Qa5 4.d4 Nf6 5.Bc4 c6 6.Nf3 Bf5 7.Qe2 e6 8.Bd2 
Bb4 9.a3 Nbd7 10.O-O Bxc3 11.Bxc3 Qc7 12.Bb3 O-O 13.Ne5 Nxe5 14.dxe5 Ne4 
15.Qe3 Nxc3 16.Qxc3 Rfd8 17.a4 c5 18.a5 Rd4 19.Rfe1 Rad8 20.h3 h6 21.Bc4 
Be4 22.Bf1 R8d5 23.Re2 Bg6 24.Rae1 Ra4 25.a6 Rxa6 26.Rd2 Rxd2 27.Qxd2 Ra2 
28.Qc3 Qb6 29.Bc4 Qxb2 30.Qe3 Ra1 31.Rxa1 Qxa1+ 32.Kh2 Qd4 0-1

[Event "10th Asia-ch (women)"]
[Site "Kozhikode IND"]
[Date "2003.08.24"]
[Round "8.15"]
[White "Karavade, Eesha"]
[Black "Wang Pin"]
[Result "0-1"]
[WhiteElo "2218"]
[BlackElo "2465"]
[EventDate "2003.08.17"]
[PlyCount "106"]

1.Nf3 Nf6 2.g3 g6 3.Bg2 Bg7 4.O-O O-O 5.c4 d6 6.Nc3 Nc6 7.Rb1 e5 8.d3 a5 
9.a3 Re8 10.Bg5 h6 11.Bxf6 Bxf6 12.b4 axb4 13.axb4 Bg7 14.b5 Ne7 15.Nd2 e4
16.Qc2 e3 17.fxe3 Nf5 18.Nd1 Nxe3 19.Nxe3 Rxe3 20.Rfe1 h5 21.Nf3 Bg4 22.
Qd2 Qe7 23.d4 Bh6 24.Qb2 Re8 25.Kf1 Bg7 26.Qd2 Bh6 27.Qb2 h4 28.Ra1 hxg3 
29.hxg3 Qd7 30.Rad1 Bh3 31.Rd3 Qg4 32.Bxh3 Qxh3+ 33.Kf2 Rxf3+ 34.Kxf3 g5 
35.Rg1 Re6 36.Kf2 g4 37.d5 Re5 38.Ke1 Be3 39.Rxe3 Rxe3 40.Qf6 Re5 41.Qf4 
Qh5 42.Rf1 Qg6 43.Qd2 Qb1+ 44.Qd1 Qb4+ 45.Qd2 Qb1+ 46.Qd1 Qb4+ 47.Qd2 Qxc4
48.Rf4 Qxb5 49.Rxg4+ Kf8 50.Rf4 Qxd5 51.Qc2 Qh1+ 52.Rf1 Qg2 53.Qxc7 Qxe2# 
0-1

[Event "10th Asia-ch (women)"]
[Site "Kozhikode IND"]
[Date "2003.08.24"]
[Round "8.16"]
[White "Mohota, Swathi"]
[Black "Gokhale, Anupama"]
[Result "1/2-1/2"]
[WhiteElo "2104"]
[BlackElo "2253"]
[EventDate "2003.08.17"]
[PlyCount "54"]

1.d4 Nf6 2.c4 g6 3.f3 d5 4.cxd5 Nxd5 5.e4 Nb6 6.Nc3 Bg7 7.Be3 O-O 8.Qd2 
Nc6 9.O-O-O e5 10.d5 Nd4 11.Nb5 c5 12.dxc6 bxc6 13.Nxd4 exd4 14.Bxd4 Bxd4 
15.Qxd4 Qg5+ 16.Qd2 Qc5+ 17.Qc2 Qa5 18.b3 c5 19.Qd2 Qa3+ 20.Qb2 Qb4 21.Ne2
Rb8 22.Qc3 Qa3+ 23.Qb2 Qa5 24.Qd2 Qa3+ 25.Qb2 Qa5 26.Qd2 Qa3+ 27.Qb2 Qa5 
1/2-1/2

[Event "10th Asia-ch (women)"]
[Site "Kozhikode IND"]
[Date "2003.08.24"]
[Round "8.17"]
[White "Chandra Hawsa, Koneru"]
[Black "Priya, P."]
[Result "1-0"]
[WhiteElo "2193"]
[BlackElo "2091"]
[EventDate "2003.08.17"]
[PlyCount "109"]

1.d4 Nf6 2.Nc3 d5 3.Bg5 e6 4.e4 Be7 5.e5 Nfd7 6.h4 O-O 7.Qg4 f5 8.Qg3 Kh8 
9.O-O-O c5 10.Nh3 cxd4 11.Nb5 Nc6 12.Nxd4 Ndxe5 13.Nxc6 Nxc6 14.Nf4 Bd7 
15.Bb5 Rc8 16.c3 a6 17.Bxc6 Rxc6 18.Bxe7 Qxe7 19.h5 Be8 20.Rd4 Qf6 21.Kb1 
Kg8 22.Nd3 Rc4 23.Rxc4 dxc4 24.Nf4 e5 25.Nd5 Qe6 26.Nc7 Qd6 27.Nxe8 Rxe8 
28.Qg5 Qf6 29.Qe3 Rd8 30.h6 f4 31.Qc5 Qg6+ 32.Ka1 Qxg2 33.Qxc4+ Qd5 34.Qf1
g6 35.a3 e4 36.Qh3 f3 37.Re1 Qf5 38.Qh4 Re8 39.Re3 a5 40.Qh2 Rd8 41.Re1 
Qc5 42.Qh4 Re8 43.Rxe4 Rxe4 44.Qxe4 Qc6 45.Qe5 Qd7 46.Qb8+ Kf7 47.Qf4+ Qf5
48.Qc7+ Ke6 49.Qxh7 Qc2 50.Qg8+ Kd6 51.h7 Qxf2 52.h8=Q Qe1+ 53.Ka2 f2 54.
Qd4+ Ke7 55.Qgg7+ 1-0

[Event "10th Asia-ch (women)"]
[Site "Kozhikode IND"]
[Date "2003.08.24"]
[Round "8.18"]
[White "Sangeetha, M. R."]
[Black "Malinicheva, Lidia"]
[Result "1-0"]
[WhiteElo "2100"]
[BlackElo "2126"]
[EventDate "2003.08.17"]
[PlyCount "81"]

1.c4 g6 2.Nc3 Bg7 3.g3 f5 4.Bg2 Nf6 5.d4 d6 6.d5 c5 7.Nf3 Na6 8.O-O O-O 9.
Rb1 h6 10.h4 Bd7 11.a3 Ng4 12.Qd3 Qe8 13.b3 Qf7 14.e3 Rab8 15.Bb2 Nc7 16.
Ne2 b5 17.Bxg7 Qxg7 18.Nh2 Nxh2 19.Kxh2 g5 20.Bh3 Qf6 21.hxg5 hxg5 22.f4 
g4 23.Bg2 Ne8 24.Kg1 Qg7 25.e4 Nf6 26.e5 Nh5 27.Qe3 Rb6 28.e6 Bc8 29.b4 
Ba6 30.bxc5 dxc5 31.Qxc5 Rc8 32.Qe3 Rxc4 33.Rfc1 Rxc1+ 34.Nxc1 Qf8 35.Nd3 
Qb8 36.Ne5 Rd6 37.Nc6 Qb7 38.Kh2 Kg7 39.a4 Qb6 40.Qe5+ Nf6 41.Nxe7 1-0

[Event "10th Asia-ch (women)"]
[Site "Kozhikode IND"]
[Date "2003.08.24"]
[Round "8.19"]
[White "Lakshmi, Praneetha"]
[Black "Parveen, Seyda Shabana"]
[Result "1-0"]
[WhiteElo "2005"]
[BlackElo "2140"]
[EventDate "2003.08.17"]
[PlyCount "59"]

1.e4 e5 2.f4 exf4 3.Nf3 d6 4.Bc4 h6 5.h4 Nf6 6.Nc3 Be7 7.d4 Nc6 8.Bxf4 Na5
9.Bd3 Nh5 10.Be3 Bg4 11.Nd5 O-O 12.Qd2 Nc6 13.O-O-O Ng3 14.Rh2 f5 15.Nc3 
fxe4 16.Nxe4 Nxe4 17.Bxe4 d5 18.Bd3 Nb4 19.Kb1 Nxd3 20.Qxd3 Bd6 21.Rhh1 c6
22.Rdf1 Bxf3 23.Rxf3 Rxf3 24.gxf3 Qf6 25.Rg1 Re8 26.a3 Re6 27.h5 Qxf3 28.
Rxg7+ Kf8 29.Qh7 Ke8 30.Qg8+ 1-0